Statistiken für KFZ-Kennzeichen Rheinland-Pfalz ALLE

Klicken Sie hier um das Quiz zu spielen!

Allgemein

  • Dieses Quiz wurde 152 mal gespielt
  • Das Durchschnittsergebnis liegt bei 31 aus 42

Antwortstatistiken

AbkürzungStadt oder Landkreis% Korrekt
KOKoblenz
95%
TRTrier
95%
KLKaiserslautern
94%
MZMainz
94%
BITBitburg
93%
COCCochem
93%
LULudwigshafen am Rhein
87%
MYMayen
87%
WOWorms
86%
AZAlzey
85%
BINBingen am Rhein
84%
PSPirmasens
84%
AWLandkreis Ahrweiler
83%
SPSpeyer
81%
KUSKusel
80%
LDLandau in der Pfalz
80%
ZWZweibrücken
77%
ZELZell (Mosel)
76%
EMSBad Ems
74%
GERGermersheim
74%
MYKLandkreis Mayen-Koblenz
74%
WWLandkreis Westerwald
74%
DAUDaun
73%
PRÜPrüm
72%
SIMSimmern (Hunsrück)
72%
GOASt. Goar
72%
KHBad Kreuznach
70%
BIRBirkenfeld
69%
FTFrankenthal (Pfalz)
66%
SÜWLandkreis Südliche Weinstraße
66%
BKSBernkastel-Kues
64%
AKAltenkirchen (Westerwald)
63%
RPRhein-Pfalz-Kreis
63%
WILWittlich
61%
NWNeustadt an der Weinstraße
60%
DIZDiez
56%
KIBKirchheimbolanden
54%
DÜWBad Dürkheim an der Weinstraße
52%
ROKRockenhausen
48%
SABSaarburg
48%
GOHSt. Goarshausen
48%
NRNeuwied am Rhein
40%

Verteilung der Resultate

Perzentil nach korrekt beantworteten Fragen

Anzahl Personen mit jedem Resultat

Ihre Resultats-Entwicklung

Sie haben dieses Quiz noch nicht gespielt